[Event "Chioggia op-B 05th"]
[Site "Chioggia"]
[Date "2010.10.09"]
[Round "2"]
[White "Bortolotto, Denzio"]
[Black "Valbusa, Lorenzo"]
[Result "1/2-1/2"]
[WhiteElo "1727"]
[BlackElo "1829"]
[PlyCount "49"]
[EventDate "2010.10.08"]
[EventType "swiss"]
[EventRounds "5"]
[EventCountry "ITA"]
[SourceTitle "EXT 2022"]
[Source "ChessBase"]
[SourceDate "2021.10.06"]
[SourceVersion "1"]
[SourceVersionDate "2021.10.06"]
[SourceQuality "1"]

1. d4 f5 2. Nc3 Nf6 3. Bg5 e6 4. e4 fxe4 5. Nxe4 Be7 6. Bxf6 Bxf6 7. Qh5+ g6 8. Nxf6+ Qxf6 9. Qe5 0-0 10. Qxf6 Rxf6 11. f3 Nc6 12. 0-0-0 e5 13. Bc4+ Kg7 14. Ne2 d6 15. Bb5 exd4 16. Bxc6 bxc6 17. Nxd4 c5 18. Nb5 Rf7 19. Rhe1 Ba6 20. c4 Bxb5 21. cxb5 Kf8 22. Re6 Re8 23. Rde1 Rxe6 24. Rxe6 Re7 25. Re4 1/2-1/2

[Event "Chioggia op-B 05th"]
[Site "Chioggia"]
[Date "2010.10.09"]
[Round "3"]
[White "Valbusa, Lorenzo"]
[Black "Boscolo Bragadin, Aldo"]
[Result "1/2-1/2"]
[WhiteElo "1829"]
[BlackElo "1619"]
[PlyCount "33"]
[EventDate "2010.10.08"]
[EventType "swiss"]
[EventRounds "5"]
[EventCountry "ITA"]
[SourceTitle "EXT 2022"]
[Source "ChessBase"]
[SourceDate "2021.10.06"]
[SourceVersion "1"]
[SourceVersionDate "2021.10.06"]
[SourceQuality "1"]

1. e4 d5 2. d4 dxe4 3. Nc3 Bf5 4. f3 Nf6 5. Bg5 exf3 6. Nxf3 Nd5 7. Bc4 c6 8. 0-0 h6 9. Ne5 hxg5 10. Rxf5 f6 11. Ng6 Rh6 12. Nxd5 cxd5 13. Bxd5 Qc7 14. g3 Qd7 15. Nxf8 Kxf8 16. Be4 Nc6 17. c3 1/2-1/2

[Event "Chioggia op-A 04th"]
[Site "Chioggia"]
[Date "2009.10.10"]
[Round "3"]
[White "Boscolo Meneguolo, Federico"]
[Black "Valbusa, Lorenzo"]
[Result "1-0"]
[WhiteElo "1993"]
[BlackElo "1782"]
[PlyCount "59"]
[EventDate "2009.10.09"]
[EventType "swiss"]
[EventRounds "5"]
[EventCountry "ITA"]
[SourceTitle "EXT 2022"]
[Source "ChessBase"]
[SourceDate "2021.10.06"]
[SourceVersion "1"]
[SourceVersionDate "2021.10.06"]
[SourceQuality "1"]

1. e4 d6 2. d4 f5 3. Nc3 Nc6 4. Bg5 Nf6 5. Nge2 Nxe4 6. Nxe4 fxe4 7. Nf4 g6 8. h4 Bg7 9. h5 h6 10. Nxg6 hxg5 11. h6 Be6 12. Nxh8 Bxh8 13. d5 Bf7 14. dxc6 bxc6 15. Be2 Bxb2 16. h7 Kd7 17. Bg4+ e6 18. Rb1 Qf6 19. Qe2 Bg6 20. Rh6 Rh8 21. Rxb2 Qg7 22. Rxg6 Qxg6 23. Qc4 Rxh7 24. Rb7 Rh4 25. Bxe6+ Ke7 26. Rxc7+ Kf6 27. Rf7+ Ke5 28. Rf5+ Qxf5 29. Bxf5 Kxf5 30. Qxc6 1-0

[Event "ITA-ch U20"]
[Site "Castione"]
[Date "2009.08.26"]
[Round "6"]
[White "Valbusa, Lorenzo"]
[Black "Caldonazzo, Matteo"]
[Result "1/2-1/2"]
[WhiteElo "1749"]
[BlackElo "1802"]
[PlyCount "42"]
[EventDate "2009.08.21"]
[EventType "swiss"]
[EventRounds "9"]
[EventCountry "ITA"]
[SourceTitle "EXT 2011"]
[Source "ChessBase"]
[SourceDate "2010.11.26"]
[SourceVersion "1"]
[SourceVersionDate "2010.11.26"]
[SourceQuality "1"]

1. e4 e6 2. d4 d5 3. Nc3 Nf6 4. Bg5 Be7 5. e5 Nfd7 6. Bxe7 Qxe7 7. Bd3 a6 8. f4 c5 9. Nf3 Nc6 10. dxc5 Nxc5 11. Qe2 Nb4 12. a3 Nbxd3+ 13. cxd3 Bd7 14. b4 Na4 15. Nxa4 Bxa4 16. Rc1 0-0 17. 0-0 Rac8 18. Qb2 Bb5 19. Rc3 Qd7 20. Rfc1 h6 21. Nd4 Ba4 1/2-1/2

[Event "ITA-ch U20"]
[Site "Castione"]
[Date "2009.08.25"]
[Round "5"]
[White "Palmitessa, Andrea"]
[Black "Valbusa, Lorenzo"]
[Result "1-0"]
[WhiteElo "1605"]
[BlackElo "1749"]
[PlyCount "119"]
[EventDate "2009.08.21"]
[EventType "swiss"]
[EventRounds "9"]
[EventCountry "ITA"]
[SourceTitle "EXT 2011"]
[Source "ChessBase"]
[SourceDate "2010.11.26"]
[SourceVersion "1"]
[SourceVersionDate "2010.11.26"]
[SourceQuality "1"]

1. e4 c5 2. Nf3 Nc6 3. d4 cxd4 4. Nxd4 Nf6 5. Nc3 e5 6. Ndb5 d6 7. Bg5 a6 8. Na3 b5 9. Nd5 Be7 10. Bxf6 Bxf6 11. c3 Ne7 12. Nc2 Nxd5 13. Qxd5 Rb8 14. Ne3 0-0 15. Be2 Be6 16. Qd3 Qb6 17. 0-0 Bg5 18. Nd5 Bxd5 19. Qxd5 Qc5 20. Rfd1 Rfd8 21. g3 g6 22. Rd3 Qxd5 23. Rxd5 Be7 24. b3 Kf8 25. a3 Ra8 26. a4 bxa4 27. Rxa4 Rdc8 28. Bc4 Ra7 29. Rda5 Rc6 30. Rxa6 Raxa6 31. Rxa6 Rxa6 32. Bxa6 Bd8 33. Kf1 Bb6 34. Ke2 Ke7 35. f3 Bg1 36. h3 Bh2 37. g4 Kd7 38. Kd3 Kc6 39. Bc4 f6 40. Bg8 h6 41. Kc4 g5 42. Bf7 Kd7 43. b4 Bg3 44. b5 Bf2 45. Kd5 Be1 46. c4 Ba5 47. Be6+ Kc7 48. Bf5 Bb4 49. Ke6 Kb6 50. Kxf6 Kc5 51. Be6 Kd4 52. Kg6 Ke3 53. Kxh6 Kf4 54. b6 Bc5 55. b7 Ba7 56. Bd5 Bb8 57. Kg6 Bc7 58. Kh5 Bb8 59. h4 gxh4 60. Kxh4 1-0

[Event "ITA-ch U20"]
[Site "Castione"]
[Date "2009.08.22"]
[Round "2"]
[White "Valbusa, Lorenzo"]
[Black "Gallana, Marco"]
[Result "0-1"]
[WhiteElo "1749"]
[BlackElo "1980"]
[PlyCount "68"]
[EventDate "2009.08.21"]
[EventType "swiss"]
[EventRounds "9"]
[EventCountry "ITA"]
[SourceTitle "EXT 2011"]
[Source "ChessBase"]
[SourceDate "2010.11.26"]
[SourceVersion "1"]
[SourceVersionDate "2010.11.26"]
[SourceQuality "1"]

1. e4 c6 2. d4 d5 3. Nc3 dxe4 4. Nxe4 Bf5 5. Ng3 Bg6 6. Nf3 Nd7 7. Bd3 Ngf6 8. h4 e6 9. h5 Bxd3 10. Qxd3 h6 11. Be3 Qc7 12. 0-0-0 Bd6 13. Ne2 0-0-0 14. g3 Kb8 15. Nc3 Rhe8 16. Ne4 Nxe4 17. Qxe4 Nf6 18. Qh4 Kc8 19. c4 Qa5 20. Kb1 Qf5+ 21. Ka1 Qxf3 22. d5 exd5 23. cxd5 cxd5 24. Bxa7 Re4 25. Qh3+ Kc7 26. Rxd5 Nxd5 27. Qf1 Ra8 28. Be3 Rea4 29. Qc1+ Kd7 30. a3 Be5 31. Ka2 Qe2 32. Bd2 Qc4+ 33. Qxc4 Rxc4 34. Rd1 Rc2 0-1

[Event "Montebelluna op-B 5th"]
[Site "Montebelluna"]
[Date "2007.03.09"]
[Round "1"]
[White "Giacomelli, Enzo"]
[Black "Valbusa, Lorenzo"]
[Result "1/2-1/2"]
[WhiteElo "1676"]
[BlackElo "1461"]
[PlyCount "69"]
[EventDate "2007.03.09"]
[EventType "swiss"]
[EventRounds "5"]
[EventCountry "ITA"]
[SourceTitle "EXT 2008"]
[Source "ChessBase"]
[SourceDate "2007.11.25"]
[SourceVersion "1"]
[SourceVersionDate "2007.11.25"]
[SourceQuality "1"]

1. d4 d5 2. Nf3 Nf6 3. c4 e6 4. Nc3 c5 5. cxd5 Nxd5 6. e4 Nxc3 7. bxc3 Nc6 8. Bc4 Qa5 9. Bd2 Qd8 10. Be3 cxd4 11. cxd4 Bb4+ 12. Kf1 0-0 13. g3 Qf6 14. e5 Qf5 15. Bd3 Qh5 16. h3 f6 17. g4 Qf7 18. Qc2 g6 19. Bh6 fxe5 20. Nxe5 Nxe5 21. Bxf8 Nxd3 22. Bh6 Bc3 23. Rd1 Qf3 24. Rh2 Nb4 25. Qb3 b6 26. a3 Ba6+ 27. Kg1 Bc4 28. Qxc4 Qxd1+ 29. Kg2 Nd5 30. Qc6 Nf4+ 31. Bxf4 Rf8 32. Qxe6+ Rf7 33. Qc8+ Rf8 34. Qe6+ Rf7 35. Qe8+ 1/2-1/2